Online
Catalog

La leyenda del conde Luna / (Record no. 24560)

MARC details
000 -CABECERA
campo de control de longitud fija 00739nam a2200217 a 4500
001 - NÚMERO DE CONTROL
campo de control 000025067
005 - FECHA Y HORA DE LA ÚLTIMA TRANSACCIÓN
campo de control 20200930023537.0
008 - DATOS DE LONGITUD FIJA--INFORMACIÓN GENERAL
campo de control de longitud fija 110201s1956 mx r 000 j spa d
040 ## - FUENTE DE LA CATALOGACIÓN
Centro catalogador/agencia de origen DO-SdBNP
Lengua de catalogación spa
Centro/agencia transcriptor BNPHU
082 ## - NÚMERO DE LA CLASIFICACIÓN DECIMAL DEWEY
Número de clasificación Ve863.4
Número de documento/Ítem B533l
049 ## - FONDOS LOCALES (OCLC)
Fondos de biblioteca BNGR
100 1# - ENTRADA PRINCIPAL--NOMBRE DE PERSONA
Nombre de persona Berroeta, Pedro,
Fechas asociadas al nombre 1914-
9 (RLIN) 23368
245 13 - MENCIÓN DE TÍTULO
Título La leyenda del conde Luna /
Mención de responsabilidad, etc. Pedro Berroeta.
260 ## - PUBLICACIÓN, DISTRIBUCIÓN, ETC.
Lugar de publicación, distribución, etc. México, D. F. :
Nombre del editor, distribuidor, etc. Aguilar,
Fecha de publicación, distribución, etc. 1956.
300 ## - DESCRIPCIÓN FÍSICA
Extensión 204 p. ;
Dimensiones 20 cm.
490 1# - MENCIÓN DE SERIE
Mención de serie Literaria : Novelistas, Dramaturgos, Ensayistas, Poetas.
586 ## - NOTA DE PREMIOS
Nota de premios Premio de la Camara Venezolana de Libro, 1955
650 #4 - PUNTO DE ACCESO ADICIONAL DE MATERIA--TÉRMINO DE MATERIA
Término de materia o nombre geográfico como elemento de entrada Cuento venezolano
9 (RLIN) 24473
650 #4 - PUNTO DE ACCESO ADICIONAL DE MATERIA--TÉRMINO DE MATERIA
Término de materia o nombre geográfico como elemento de entrada Literatura venezolana
9 (RLIN) 3816
830 #0 - PUNTO DE ACCESO ADICIONAL DE SERIE-TÍTULO UNIFORME
Título uniforme Literaria : Novelistas, Dramaturgos, Ensayistas, Poetas.
9 (RLIN) 28277
Holdings
Estado de retiro Estado de pérdida Restricciones de uso No para préstamo Código de colección Localización permanente Ubicación/localización actual Ubicación en estantería Fecha de adquisición Número de inventario Total de préstamos Signatura topográfica completa Código de barras Fecha visto por última vez Precio válido a partir de Tipo de ítem Koha
        Monografías: Libros y Folletos General General En catalogación 09.02.2011 LF1   Ve863.4 B533l 25067-10 25.06.2020 25.06.2020 Préstamo en sala

Powered by Koha